Le symbolisme (notice n° 2141014)

détails MARC
000 -LEADER
fixed length control field 01544cam a2200133 4500500
005 - DATE AND TIME OF LATEST TRANSACTION
control field 20260405024740.0
041 ## - LANGUAGE CODE
Language code of text/sound track or separate title fre
042 ## - AUTHENTICATION CODE
Authentication code dc
100 10 - MAIN ENTRY--PERSONAL NAME
Personal name Marchal, Bertrand
Relator term author
245 00 - TITLE STATEMENT
Title Le symbolisme
260 ## - PUBLICATION, DISTRIBUTION, ETC.
Name of publisher, distributor, etc. Armand Colin,<br/>
Date of publication, distribution, etc. 2011.<br/>
520 ## - SUMMARY, ETC.
Summary, etc. Qu’est-ce que le symbolisme ? Un mouvement autoproclamé rassemblant des œuvres – celles des symbolistes de stricte observance – qui ne peuvent guère susciter qu’une curiosité historique, et qu’à tort ou à raison on ne lit plus ? Un phénomène nébuleux allant de Baudelaire, Mallarmé, Verlaine, Rimbaud à Claudel, Gide et Valéry ? S’il est difficile de cerner les contours du mouvement romantique, prendre pour objet le symbolisme peut sembler une gageure. Les symbolistes présumés adoraient les mots vagues, et le mot le plus vague qu’ils nous aient laissé est sans doute celui de symbolisme. Il suffit de feuilleter quelques manuels d’histoire littéraire pour constater qu’on ne s’entend guère, entre spécialistes, sur ses limites, et sa nature même. C’est donc ce double défi que relève cet ouvrage tout en s’attachant à éclairer l’origine de notre lecture, celle qui, à partir d’une conscience nouvelle de la poésie et de son langage, a déchiré le voile de la représentation et révélé les failles du sujet. Bertrand MARCHAL, professeur de littérature française à la Sorbonne, est spécialiste de Mallarmé.
856 41 - ELECTRONIC LOCATION AND ACCESS
Uniform Resource Identifier <a href="https://shs.cairn.info/le-symbolisme--9782200270049?lang=fr&redirect-ssocas=7080">https://shs.cairn.info/le-symbolisme--9782200270049?lang=fr&redirect-ssocas=7080</a>

Pas d'exemplaire disponible.

PLUDOC

PLUDOC est la plateforme unique et centralisée de gestion des bibliothèques physiques et numériques de Guinée administré par le CEDUST. Elle est la plus grande base de données de ressources documentaires pour les Étudiants, Enseignants chercheurs et Chercheurs de Guinée.

Adresse

627 919 101/664 919 101

25 boulevard du commerce
Kaloum, Conakry, Guinée

Réseaux sociaux

Powered by Netsen Group @ 2025